Ludy na terenach Rzymu po upadku cesarstwa zachodniorzymskiego. - Statystyki

Ogólne statystyki
  • Ten quiz został rozwiązany 19 razy
  • Średni wynik to 5 z 10
Statystyki odpowiedzi
Miejsce osiedlenia: Ludy: % Poprawnych
Wschodnia Bośnia/Chorwacja Ostrogoci
83%
Hiszpania Wizygoci
78%
Belgia, kawałek Francji Frankowie
72%
Północna Afryka Wandalowie
72%
Anglia(wschód) Anglosasi
61%
Mały kawałek północnej Hiszpanii Baskowie
44%
Anglia(zachód) Brytowie
44%
Północna Hiszpania/Portugalia Swebowie
39%
Południowa Francja(blisko granicy z Włochami) Burgundowie
28%
Italia Odoaker
6%
Nie znaleziono quizów pasujących do podanych kryteriów
Rozkład punktacji
Procent ludzi z każdym wynikiem
Percentyl według liczby udzielonych odpowiedzi
Twoja historia wyników
Nie rozwiązałeś tego quizu